00297nam a22001097a 4500020001500000082001800015245004800033260002800081300002900109526003700138650001200175 a9280775011 a363.7bUNIcD a1993 Annual Report of the Excutive Director aUNEP/IPA, :bUNEPc1995 a160 p. :bill, :c24 cm. a0b0c0d363_700000000000000_UNI aMCE (D)